000 00768nam a2200217Ia 4500
003 GCL
008 140319s9999 xx 000 0 ara d
040 _aGCL /
_cGCL
082 0 4 _a792.028
_bم ت
100 1 _aنبيل راغب
245 1 0 _aالتمثيل هو التصديق : منهج اساسى /
_cنبيل راغب
700 1 _aسامى صلاح
700 1 _aماكجاو، شارلز
250 _aالرابعة
260 _aالقاهرة :
_bوزارة الثقافة - مهرجان القاهرة الدولى للمسرح التجريبى ،
_c2006
300 _a606 ص ؛
_c24 سم
650 0 4 _aالفنون المسرحية
650 0 4 _aالتمثيل فى المسرح
650 0 4 _aالممثلون والممثلات
942 _2ddc
_cBK
999 _c9078
_d9078